Регионална библиотека "Любен Каравелов" - Русе

Веселият автомобил (Запис номер 488649)

MARC детайли
000 -Лидер
Контролно поле с фиксирана дължина 01137aam a2200289 a 4500
003 - Код на организацията, давaща контролен номер
Контролно поле BLK
005 - Дата и час на последна редакция
Контролно поле 20250628162134.0
008 - Елементи от данни с фиксирана дължина
fixed length control field 181012b bu ||||| |||| 00| 0 bu d
020 ## - Международен стандартен номер на книга ISBN
Международен стандартен номер на книга ISBN 9786191996728
020 ## - Международен стандартен номер на книга ISBN
Международен стандартен номер на книга ISBN 3800083829621
040 ## - Източник на каталожния запис
Идентификатор на билиотеката - собственик на записа BLK
041 ## - Код за език
Код за езика на текст/звукозапис или на отделно заглавие Български
Код за езика КДБФ Български
080 ## - УДК
Текстов определител УДК Автомобили. Автомобилостроене
УДК код - определител по УДК 629.113
УДК определител (02.053.2)
УДК - код + определител 629.113(02.053.2)
100 ## - Редна дума - Автор
R(LIN) 280104
Автор Уат, Фиона
Авторска отговорност първи автор
139 ## - Редно поле
Редна дума Уат, Фиона
Авторски знак Уат - У 16
245 ## - Сведения за заглавието
Заглавие Веселият автомобил
Редно поле (дума) Фиона Уат; ил. Стефано Тонети.
260 ## - Област на издателските данни
Име на издателя, разпространителя и проч. Фют
Година на издаване 2021
Място на издаване, разпространение и проч. София
300 ## - Физическа характеристика
Страници 8 с.
Илюстрации и др. с цв. ил.
Размери/Мащаб 28 см
Съпровождащи материали автомобилче с механично ключе
380 ## - Жанр
Жанр Детска отраслова лит.
650 #0 - Допълнително описание по предмет – тема
9 (RLIN) 353037
Основно описание – тема или топоним Автомобили - детска и юношеска литература
653 #7 - Ключова дума – ненормативна
9 (RLIN) 180356
Ключова дума автомобили
653 #7 - Ключова дума – ненормативна
9 (RLIN) 184826
Ключова дума детска литература
700 ## - Други автори (авторска отговорност)
9 (RLIN) 599
Лично име Тонетти, Стефано
Автороска отговорност (Описва отношението между автора и произведението) ил.
856 ## - Електронен адрес и достъп
Инструкция (цена за достъп) 0.00
Права за достъп disable
999 ## - СИСТЕМНИ КОНТРОЛНИ НОМЕРА
Koha biblionumber 488649
Koha biblioitemnumber 488649
942 ## - АРТИКУЛИ
Вид на библиотечния материал Книги
Източник на класификационната схема Universal Decimal Classification
Скрит в OPAC Не
Koha issues (borrowed), all copies 42
Периодичен библиозапис Да
944 ## - СЪЗДАВАНЕ И РЕДАКЦИЯ на ЗАПИСА
Служител, извършил регистрацията/редакцията 30542
Статус, дата на статуса Русанова Ирена
Наличности
Код за отписване Код за изгубен артикул Източник на класификационната схема Код за повреда Коз за рестрикции Код за отдаване Артикулен № Име на библиотеката - собственик Име на библиотеката, в която се намира в момента Статус (Текущо местоположение) Дата на вписване в системата Местоположение - отдел Цена в лева Систематично азбучна сигнатура Баркод Цена в евро Служебен тип на артикула
  Не е изгубен Universal Decimal Classification Не е повреден без рестрикции заемане за дома 923323 Регионална библиотека "Любен Каравелов" Русе Регионална библиотека "Любен Каравелов" Русе Детски отдел 2023-02-17 Детски отдел 29.24 629/У 16 Ф 120000882726 14.95 Книги
  Не е изгубен Universal Decimal Classification Не е повреден без рестрикции заемане за дома 923324 Регионална библиотека "Любен Каравелов" Русе Регионална библиотека "Любен Каравелов" Русе Детски отдел 2023-02-17 Детски отдел 29.24 629/У 16 Ф 120000882727 14.95 Книги
  Не е изгубен Universal Decimal Classification Не е повреден без рестрикции заемане за дома 923325 Регионална библиотека "Любен Каравелов" Русе Регионална библиотека "Любен Каравелов" Русе Детски отдел 2023-02-17 Детски отдел 29.24 629/У 16 Ф 120000882728 14.95 Книги
Vip Innovations Ltd, Rousse, Bulgaria 2025